Quiz na pokazanie widzom jak się robi quiz na jetpunku - Statystyki

Ogólne statystyki
  • Ten quiz został rozwiązany 5 razy
  • Średni wynik to 2 z 8
Statystyki odpowiedzi
Obrazkowy Hint Odpowiedź % Poprawnych
Flaga Antarktyda
50%
Dom Jajko
50%
Miasto Rzym
50%
Magazyn Kawa
25%
Gra Roblox Kristoff
0%
Pustynia Piramida
0%
Plaża Wiadro
0%
Rysunek Wieża | Drzewo
0%
Nie znaleziono quizów pasujących do podanych kryteriów
Rozkład punktacji
Procent ludzi z każdym wynikiem
Percentyl według liczby udzielonych odpowiedzi
Twoja historia wyników
Nie rozwiązałeś tego quizu